Common Knowledge #3 - Statistics

General Stats
  • This quiz has been taken 3,713 times
  • The average score is 15 of 20
Answer Stats
Hint Answer % Correct
Which cartoon character lives in a pineapple under the sea? Spongebob Squarepants
98%
What is the periodic symbol of the element above? Ca
94%
What sport is featured in the video game “FIFA”? Football
94%
How many hearts does an octopus have? 3
92%
Bill Gates is the founder of which company? Microsoft
92%
Which Jamaican runner is an 11-time world champion and holds the record in the 100 and 200-meter race? Usain Bolt
90%
If there are six apples and you take away four, how many do you have? 4
88%
Which element is said to keep bones strong? Calcium
88%
Which American state is the largest by area? Alaska
85%
What part of the atom has no electric charge? Neutron
85%
Which warrior’s weakness was their heel? Achilles
84%
Which country invented tea? China
80%
What is meteorology the study of? Weather
80%
Who is the group of people sworn to make a decision/deliver a verdict in court? Jury
78%
World War I began with the death of Archduke Franz Ferdinand, of which country? Austria
73%
Which song by Luis Fonsi and Daddy Yankee has the most views (of all time) on YouTube? Despacito
71%
Which queen was Julius Caesar involved with? Cleopatra
68%
Which company owns Bugatti, Lamborghini, Audi, Porsche, and Ducati? Volkswagen
45%
Which show is the highest-grossing production on Broadway ever? The Lion King
34%
What design style uses lots of sea/ocean themed items? Nautical
12%
No matching quizzes found
Score Distribution
Percent of People with Each Score
Percentile by Number Answered
Your Score History
You have not taken this quiz